000 00474nam a2200181Ia 4500
005 20250130055132.0
008 240331s9999 xx 000 0 und d
082 _bFEM
_2193
_a305.4
100 _aFeminist Study Circle
245 0 _aFeminism is Relevant:
_bPart 1: History, Politics and Economics
260 _aColombo
_bFeminist Study Circle
300 _a22 p.,
650 _aFeminism
650 _aEconomics
650 _aHistory
650 _aEmployment
942 _cL
999 _c1642
_d1642